Statistiques concernant Focus sur: Glaurung - Tolkien

Cliquez ici pour prendre le quiz!

Statistiques générales

  • Ce quiz a été pris 12 fois
  • Le résultat moyen est 6 sur 8

Statistiques - réponses

Informations recherchéesRéponses% Correct
Age durant lequel il vécutPremier
100%
EspèceDragon
92%
ForteresseAngband
83%
Première apparitionLe Silmarillion
83%
Groupe de l'espèceUrulókë (Drac-Feu)
67%
SurnomsVer de {Morgoth}
50%
Ver-d'{Or}
50%
CitéNargothrond
42%

Distribution des résultats

Percentile par nombre de réponses

% des personnes avec chaque résultat

Votre développement - résultats

Vous n’avez pas pris ce quiz